Quizzes
Events
Quiz Creation
Community
Videos
Private Events
Remove Ads
Sign In
Join for FREE
Feedback
Dark Mode
Quiz Categories
Sports
Geography
Music
Movies
Television
Just For Fun
Miscellaneous
History
Literature
Language
Science
Gaming
Entertainment
Religion
Holiday
For Kids
Quiz Lab
Recent
Popular Today
Quiz Kudos Today
Editor Picks
Curator Picks
Quizzes by...
Day
Popularity
Type
Ratings
Length
Year
Community
Subscriptions
Recent Discussions
Orange Saloon
Badges
Playlists
Quests
Create
Leaderboards
Showdown
Live 5
Trivia Bingo
Activity
Puzzle Library
Sporcle Events
Private Events
Virtual Trivia
Globe League
Become a Host
Pub Owners
SporcleCon
Opinionation
Our Games
Videos
Blog
Mobile Apps
Partnerships
Remove Ads and Go Orange
Feedback
Language
Vocabulary
Begins and Ends
Definition
Spanish
French
German
Italian
Chinese
Latin
Translation
Japanese
Language
Vocabulary
Begins and Ends
Definition
Spanish
French
German
Italian
Chinese
Latin
Translation
Japanese
Random Quiz
Search Sporcle
×
Quiz Lab
Quiz Lab
Language
Country
Type in answers that appear in a list
Type in answers that appear in a list
Classic
Best Score? Go Orange.
English-speaking countries Stats
Can you name the English-speaking countries of the world?
By
HippieSlay
10m
59 Questions
132 Plays
132 Plays
132 Plays
Comments
Comments
Give Quiz Kudos
Give Quiz Kudos
-
- Ratings
hide this ad
More Info
Replay
Link that replays current quiz
Next Quiz
Link to next quiz in quiz playlist
You Got
0%
They Got
Avg Score
56%
Avg Friend Score
Upgrade to see
Score Distribution
Jump to the score distribution portion of the page
Score
0/59
Timer
10:00
0
Plays Today
Region
Country
% Correct
Australia
Australia
92.4%
North America
United States of America
92.4%
Europe
United Kingdom
91.7%
Europe
Ireland
87.9%
North America
Canada
87.1%
Africa
South Africa
82.6%
Oceania
New Zealand
78.8%
Carribean
Jamaica
74.2%
Carribean
The Bahamas
68.2%
Oceania
Fiji
68.2%
Asia
India
68.2%
Carribean
Barbados
67.4%
Africa
Nigeria
67.4%
Africa
Kenya
62.9%
Carribean
Saint Kitts and Nevis
61.4%
Middle East
Pakistan
60.6%
Carribean
Trinidad and Tobago
60.6%
Africa
Ghana
59.8%
Middle East
United Arab Emirates
59.8%
Carribean
Dominica
59.1%
Carribean
Saint Lucia
57.6%
Asia
Singapore
57.6%
Africa
Lesotho
56.8%
Africa
Zimbabwe
56.8%
Carribean
Antigua and Barbuda
55.3%
Europe
Malta
55.3%
Oceania
Solomon Islands
54.5%
Oceania
Marshall Islands
53.8%
Oceania
Palau
53%
Oceania
Samoa
53%
Region
Country
% Correct
Africa
Tanzania
53%
Africa
Zambia
53%
Africa
Botswana
52.3%
Oceania
Papua New Guinea
52.3%
Africa
Swaziland
52.3%
Africa
Uganda
52.3%
Carribean
Belize
50.8%
Africa
Namibia
50.8%
Oceania
Tonga
50.8%
Oceania
Federal States of Micronesia
50%
Oceania
Vanuatu
49.2%
Africa
Malawi
48.5%
Africa
Cameroon
47.7%
Oceania
Kiribati
47.7%
Africa
Liberia
47.7%
Oceania
Nauru
47.7%
Oceania
Tuvalu
47.7%
Africa
The Gambia
47%
Africa
Seychelles
47%
Africa
Rwanda
46.2%
Carribean
Saint Vincent and the Grenadines
46.2%
Africa
Sudan
46.2%
Asia
Malaysia
45.5%
Africa
Sierra Leone
42.4%
Carribean
Grenada
41.7%
Africa
Mauritius
40.9%
Middle East
Jordan
38.6%
Carribean
Guyana
35.6%
Asia
Philipines
10.6%
Quiz Playlist
Details
Report
Send in Message
Add To Playlist
More Info:
Can you find the countries of the world that have English as an official/de facto language?
Classic:
Type in answers that appear in a list
Quiz Source
Last Updated: Feb 16, 2017
Quiz Scoreboard
CHALLENGE
Sign Up to Join the Scoreboard
Show All
Scores
Hide
Comments
May contain spoilers
Recently Published
Movies - When Are They Set?
by FPL_Elf
Movies
5m
Popular People in 1961
by mucciniale
History
6m
1-10 Letter E Words III
by El_Dandy
Language
2m
More to Explore
Quiz From the Vault
Featured Blog Post
Where Did the Easter Bunny Come From?
hide this ad
You Might Also Like...
Tags
Country Quiz
World Quiz
English
Today's Top Quizzes in Language
Browse Language
hide this ad
Today's Top Quizzes in Country
Browse Country
Top Contributed Quizzes in Language
1
Order Up: Top 10 Most Native Spoken Languages
2
1-10 Letter F Words III
3
1-10 Letter G Words III
4
1-10 Letter H Words III
5
1-10 Letter I Words III
6
One Thing in Common: Italy
7
1-10 Letter J Words III
8
Weisst du, aus welchen Sprachen diese Wörter stammen?
9
Hiragana Speed Reading
10
Begins and Ends With AN
Explore More
Trending Topics
Crossword
Disney
Marvel
Harry Potter
Anime
NBA
Kpop
Country
Song
NFL
Soccer
Pokémon
The Office
Puzzle
WWE
hide this ad
More By:
HippieSlay
Quiz
Plays
Rating
Category
Featured
Created
Spanish Grab Bag!
3,359
4.43
Language
May 15, 2011
Spanish Por vs Para
1,303
3.50
Language
Sep 4, 2011
300 Brand name drugs given the generic (Updated!)
650
5.00
Science
May 13, 2014
NCAA Division I Wrestling teams
642
5.00
Sports
Feb 22, 2011
2010-11 NBA Starting 5
435
5.00
Sports
Jun 29, 2011
Go to Creator's Profile
Score Distribution
Quiz Creator Spotlight
HippieSlay
Follow
Send a Message
Quizzes Created
-
Created Quiz Play Count
-
More By This Creator
Popular Quizzes Today
1
Find the Countries of Europe - No Outlines Minefield
2
Find the US States - No Outlines Minefield
3
The Countries of the World
4
Popular People in 1961
5
US States
6
1-10 Letter E Words III
7
Find the US States
8
One Thing in Common: World Cities II
More Language Quizzes
Add a 'B' to the Beginning, part 4
Editor's Pick
Trending Quizzes
Risky Map Clicking: Least Populous States A-Z
1-10 Letter F Words
1-10 Letter G Words
One Thing in Common: United Kingdom
Risky Map Clicking: Next State Alphabetically
Recently Updated
Leaping Animals
pecheneg
Reality TV Shows (A-Z)
bhenderson79
Rickey Henderson's Hall of Fame Teammates
pecheneg
Champions League XIs: Arsenal
pecheneg
Quick Pick: Celebrities in WWE's Hall of Fame
aduchscher
A-Z Keypad Blitz II
pecheneg
Multiple Oscar Actors
pecheneg
Mystery Phrase Blitz: Oscar 'Best Actors'
pecheneg
F. Scott Fitzgerald Novels
LTH
Pick 3 Villains
ddd62291
Trending Topics
NBA
Harry Potter
Crossword
Disney
Anime
Kpop
Marvel
WWE
Puzzle
The Office
NFL
Song
Pokémon
Soccer
Country
Your Account Isn't Verified!
In order to create a playlist on Sporcle, you need to verify the email address you used during registration. Go to your
Sporcle Settings
to finish the process.
Report this User
Report this user for behavior that violates our
Community Guidelines
.
Details:
Send Report
Go to the Sporcle.com Mobile Site →
Comments